000 00773nam a2200205 44500
005 20250602090638.0
008 250513b ||||| |||| 00| 0 spa d
082 _214
_a944.04
100 1 _aKoechlin, Heinrich
_921478
245 1 0 _aIdeologías y tendencias en la Comuna de París /
_cHeinrich Koechlin
260 _aBuenos Aires :
_bProyección,
_c1965
300 _a286 p.
440 _aColección Interpretaciones y Experiencias
_921479
500 _aTítulo original en alemán: die pariser commune im bewusstsein ehrer anhenger editado en 1950.
650 2 7 _aREVOLUCION
_9533
_2unescot
650 2 7 _aHISTORIA EUROPEA
_921480
_2unescot
651 0 _91758
_aFRANCIA
_zParís
942 _cLIBRO
_2ddc
980 _619226
_a Palazón Marcela I.
_82
_gVirginia Figueroa
999 _c10932
_d10932